000 00518nam a22002057a 4500
005 20250605115455.0
008 250604b |||||||| |||| 00| 0 eng d
020 _a9788196100599
_cRs. 295.00
040 _aMAIN
082 _a179.9
_bR15A
100 _4Rana, Ajit Singh
245 _aAmritgyan: Sukh ka aadhar
250 _a2nd
260 _aNew Delhi
_bShivalik Prakashan
_c2025
300 _a154
650 _aHappiness- Philosophyical
650 _aSelf- Help
650 _aSpiritual Life
942 _cBK
999 _c393351
_d393351